| 000 | 01331nam a2200349 a 4500 | ||
|---|---|---|---|
| 001 | 000113028 | ||
| 003 | CHAP | ||
| 005 | 20220329144334.0 | ||
| 008 | 170322s2016 mx sm |||||||spa d | ||
| 010 | _a109489 | ||
| 011 | _a110461 | ||
| 040 | _cCHAP | ||
| 090 | _aTesis | ||
| 100 | 1 |
_aArreguín Zavala, José de Jesus _9131780 |
|
| 245 | 1 | 0 |
_aIdentificación del ácaro asociado con el berry rojo y evaluación de estrategias de manejo en el cultivo de zarzamora (Rubus s.p.) en Michoacán _h[En línea] _cpor José de Jesus Arreguin Zavala. |
| 260 |
_aDurango, Méx. : _bEl autor, _c2016. |
||
| 500 | _aPara ver el contenido del material haga clic en la liga | ||
| 502 | _aTesis (Ing. en Sistemas Agricolas) -- UACH. Unidad Regional Universitaria de Zonas Áridas | ||
| 590 |
_aBATCH _b00 _c20181121 _lUCH01 _h0758 |
||
| 590 |
_aE5765TAJ _b05 _c20170322 _lUCH01 _h0906 |
||
| 590 |
_aE5765TAJ _b05 _c20170322 _lUCH01 _h0907 |
||
| 650 | 1 | 4 |
_aÁcaros _xControl. _9131782 |
| 650 | 1 | 4 |
_aÁcaros _xIdentificación. _982380 |
| 650 | 1 | 4 |
_aFrambuesa _xEnfermedades. _942873 |
| 650 | 1 | 4 |
_aZarzamora _xEnfermedades por ácaros. _9131781 |
| 650 | 1 | 4 |
_aZarzamora _xPlagas. _9123743 |
| 856 |
_a1 _n0000555 |
||
| 856 |
_aFinding aid _uhttp://10.13.5.2/tesis/sist113028.pdf _zTeclea aquí |
||
| 901 | _aBK | ||
| 942 | _cTESIS | ||
| 942 | _n0 | ||
| 999 |
_c109489 _d109489 |
||